LEADER 01232nam0 22003131i 450 001 UON00394629 005 20231205104629.19 100 $a20110624d1927 |0itac50 ba 101 $afre$aARA 102 $aFR 105 $a|||| ||||| 200 1 $aHistoire des Rois 'Obaidides (les Califes Fatimides)$fpar Ibn Hammad$geditée et traduite par M. Vonderheyden 205 $aAlger : Jules Carbonel$gParis : Geuthner 210 $axii$d100$d64 p. ; 25 cm 215 $aAltro front. in arabo 606 $aCALIFFATO FATIMIDE$3UONC078717$2FI 620 $aNL$dAmsterdam$3UONL001817 620 $aFR$dParis$3UONL002984 676 $a965.02$cALGERIA - Storia - 647-1830$v21 700 0$aIBN HAMMAD$3UONV202994$0705811 702 1$aVONDERHEYDEN$bM.$3UONV044737 712 $aCarbonel$3UONV248005$4650 712 $aGeuthner$3UONV246291$4650 801 $aIT$bSOL$c20240220$gRICA 899 $aSIBA - SISTEMA BIBLIOTECARIO DI ATENEO$2UONSI 912 $aUON00394629 950 $aSIBA - SISTEMA BIBLIOTECARIO DI ATENEO$dSI B Afr 3 0166 $eSI AA 30751 5 0166 996 $aHistoire des Rois 'Obaidides (les Califes Fatimides$91351609 997 $aUNIOR LEADER 02542nam 2200649 a 450 001 9910972133403321 005 20251117080439.0 010 $a1-315-59380-7 010 $a1-317-10093-X 010 $a1-317-10092-1 010 $a1-283-47984-2 010 $a9786613479846 010 $a1-4094-2669-6 035 $a(CKB)2670000000151441 035 $a(EBL)866411 035 $a(OCoLC)778376743 035 $a(SSID)ssj0000612272 035 $a(PQKBManifestationID)11355654 035 $a(PQKBTitleCode)TC0000612272 035 $a(PQKBWorkID)10671516 035 $a(PQKB)10362632 035 $a(Au-PeEL)EBL866411 035 $a(CaPaEBR)ebr10534200 035 $a(CaONFJC)MIL922804 035 $a(MiAaPQ)EBC866411 035 $a(PPN)255269323 035 $a(OCoLC)1162560258 035 $a(FINmELB)ELB161039 035 $a(EXLCZ)992670000000151441 100 $a20110805d2012 uy 0 101 0 $aeng 135 $aur|n|---||||| 181 $ctxt 182 $cc 183 $acr 200 10$aMapping controversies in architecture /$fAlbena Yaneva 205 $a1st ed. 210 $aBurlington $cAshgate Pub. Co.$d2012 215 $a1 online resource (145 p.) 300 $aDescription based upon print version of record. 311 08$a1-4094-2668-8 320 $aIncludes bibliographical references and index. 327 $apt. 1. Rethinking bifurcations -- pt. 2. Mapping processes. 330 $aThis book tackles a number of challenging questions: How can we conceptualize architectural objects and practices without falling into the divides architecture/society, nature/culture, materiality/meaning? How can we prevent these abstractions from continuing to blind architectural theory? What is the alternative to critical architecture? It places architecture at the intersection of the human and the nonhuman, the particular and the general. It allows its networks to be re-established and to run between local and global, social and technical. Mapping controversies can be extrapolated to a wid 606 $aArchitectural design$xDecision making 606 $aArchitectural design$xInformation technology 615 0$aArchitectural design$xDecision making. 615 0$aArchitectural design$xInformation technology. 676 $a720.1/03 700 $aYaneva$b Albena$01138831 801 0$bMiAaPQ 801 1$bMiAaPQ 801 2$bMiAaPQ 906 $aBOOK 912 $a9910972133403321 996 $aMapping controversies in architecture$94491058 997 $aUNINA